Statistics for Bundesliga Player To Club

Click here to take the quiz!

General Stats

  • This quiz has been taken 23 times
  • The average score is 18 of 20

Answer Stats

PlayerClub% Correct
Florian WirtzBayer Leverkusen
100%
Thomas MüllerFC Bayern Munich
100%
Joshua KimmichFC Bayern Munich
100%
Willi OrbanRB Leipzig
100%
Dani OlmoRB Leipzig
100%
Sebastien HallerBorussia Dortmund
94%
Jonas OmlinBorussia Mönchengladbach
94%
Mario GötzeEintracht Frankfurt
94%
Danilho DoekhiFC Union Berlin
94%
Josip JuranovicFC Union Berlin
94%
Andrej KramaricTSG 1899 Hoffenheim
94%
Mattias SvanbergVfL Wolfsburg
94%
Ludovic AjorqueFSV Mainz 05
89%
Vinzenzo GrifoSC Freiburg
89%
Michael GregoritschSC Freiburg
89%
Chris FührichVfB Stuttgart
89%
Davie Selke1. FC Köln
83%
Marvin DuckschSV Werder Bremen
78%
Kevin StögerVfL Bochum
78%
Arne MaierFC Augsburg
72%

Score Distribution

Percentile by Number Answered

Percent of People with Each Score

Your Score History

You have not taken this quiz